Statystyki dla Rozpoznaj Piłkarza Po Jego Karierze

Kliknij tutaj aby rozwiązać quiz!

Ogólne statystyki

  • Ten quiz został rozwiązany 122 razy
  • Średni wynik to 5 z 10

Statystyki odpowiedzi

KlubyPiłkarz% Poprawnych
VfB Stuttgart> Real Madryt>Juventus F.C.Khedira
78%
Guingamp >Tours>Lorient > Arsenal >BordeauxKoscielny
72%
F.C. Tokyo U-23 F.C. Tokyo>Yokohama F. Marinos (wyp.)>F.C Tokyo>Real Madryt> RCD Mallorca (wyp.)Kubo
69%
Górnik Łęczna >Roda JC Kerkrade > PSV Eindhoven> Elche CF (wyp.)>PSV Eindhoven >VfB Stuttgart > Deportivo La Coruña>FC CincinnatiTytoń
67%
MŠK Žilina> Zlaté Moravce (wyp.)>MŠK Žilina>UC Sampdoria> Inter MediolanSkriniar
66%
FC KooTeePee Sevilla Atlético > Sevilla FC> HJK Helsinki> FC Schalke 04 Celtic F.C.> Brøndby IF (wyp.)> Brøndby IF>Norwich CityPukki
43%
Werder Brema > FC St. Pauli>SC Freiburg>Borussia Mönchengladbach>VfL Wolfsburg> Werder Brema > Fenerbahçe SKKruse
34%
Corinthians Paulista > Corinthians Alagoano >FC Alverca >SC Salgueiros > FC Porto > FC Barcelona >Chelsea F.C. > Fluminense FCDeco
29%
Deportivo Maldonado>CR Vasco da Gama (wyp.) >Deportivo Maldonado>Granada CF> Udinese Calcio (wyp.)>Granada CF > Udinese Calcio> SSC NapoliAllan
20%
Cruzeiro Esporte Clube >AFC Ajax >Empoli FC (wyp.) >AFC Ajax>Inter Mediolan >FC Barcelona Paris Saint-Germain F.C.Maxwell
20%

Rozkład punktacji

Percentyl według liczby udzielonych odpowiedzi

Procent ludzi z każdym wynikiem

Twoja historia wyników

Nie rozwiązałeś tego quizu